Centro de Arte Moderno de Guadalajara, México /

Catálogo conmemorativo de los diez años del Centro de Arte Moderno de Guadalajara (1971-1980), donde se presentan diecisiete obras murales pintadas para la ocasión en los arcos exteriores que rodean al museo. Los creadores se autopresentan con una breve semblanza.

Gardado en:
Detalles Bibliográficos
Autor Corporativo: Centro de Arte Moderno de Guadalajara
Formato: Libro
Idioma:Lingua castelá
Publicado: Guadalajara, México : Gobierno del Estado de Jalisco, 1981, c1981
Temas:
Etiquetas: Engadir etiqueta
Sen Etiquetas, Sexa o primeiro en etiquetar este rexistro!

MARC

LEADER 00000nam^a2200000^a^4500
001 000187655
005 20250521000000.0
009 20260310102310.471
037 |a Acervo ITESO - Biblioteca 
041 |a ESP 
082 |a 708. 972352  |b CAMG ALD MUR 
110 |a Centro de Arte Moderno de Guadalajara 
245 1 0 |a Centro de Arte Moderno de Guadalajara, México /  |c M. Aldana Mijares. 
246 2 |a Título en la cubierta: Murales efímeros. Décimo aniversario, 1970-1980 
264 4 |a Guadalajara, México :  |b Gobierno del Estado de Jalisco,  |c 1981, c1981 
300 |a 50 p. 
336 |a texto  |b txt  |2 rdacontenido 
337 |a sin mediación  |b n  |2 rdamedio 
338 |a volumen  |b nc  |2 rdasoporte 
520 |a Catálogo conmemorativo de los diez años del Centro de Arte Moderno de Guadalajara (1971-1980), donde se presentan diecisiete obras murales pintadas para la ocasión en los arcos exteriores que rodean al museo. Los creadores se autopresentan con una breve semblanza. 
545 0 |a El Centro de Arte Moderno de Guadalajara (CAMG) fue fundado en 1970 por el ingeniero Miguel Aldana Mijares (Pátzcuaro, 1920 - Guadalajara, 2011), quien poco antes había abandonado su profesión de constructor, campo en el que hizo aportaciones fundamentales a la ciudad, como el diseño del hermoso edificio funcionalista de la antigua Central Camionera. Sin embargo, en 1968 Aldana dejó la construcción para dedicarse a pintar y a la promoción del arte. En este sentido, su trabajo desde el Centro de Arte Moderno fue esencial en la introducción de la plástica moderna en Guadalajara. La sede original del centro fue el edificio que actualmente ocupa el Museo de Arte Raúl Anguiano, mudándose a la Colonia Providencia en 1985. 
649 |a XX 
650 |a Centro de Arte Moderno de Guadalajara -  |x Tema Principal 
650 |a Museos y Galerías -  |z Guadalajara, Jalisco -  |x Exposiciones -  |x Tema Principal 
650 |a Museos y Galerías -  |z México -  |x Exposiciones 
650 |a Pintura Mural -  |z Guadalajara, Jalisco -  |x Exposiciones 
650 |a Pintura Mural -  |z México -  |x Exposiciones 
650 |a Pintura Moderna -  |z Guadalajara, Jalisco -  |x Exposiciones 
650 |a Pintura Moderna -  |z México -  |x Exposiciones 
650 |a Pintura Jalisciense -  |x Exposiciones 
650 |a Pintura Mexicana -  |x Exposiciones 
650 |a Arte Moderno -  |z Guadalajara, Jalisco -  |x Exposiciones 
650 |a Arte Moderno -  |z México -  |x Exposiciones 
650 |a Arte Jalisciense -  |x Exposiciones 
650 |a Arte Mexicano -  |x Exposiciones 
650 |a Aldana Mijares, Miguel 
650 |a Aldapa, Ignacio 
650 |a Aranguren, Gustavo 
650 |a Cisneros, Guillermo 
650 |a Flores, Leopoldo 
650 |a Hernández Laos, Pepín 
650 |a Hubbard, Ann 
650 |a Julián, Lázaro 
650 |a Lara Gallardo, Alfonso de 
650 |a Navarro, Héctor 
650 |a Rico, Enrique 
650 |a Medina, Rutilio 
650 |a Valsoto, Luis 
650 |a Serna, Jesús 
650 |a Serna, Irma 
650 |a Vázquez Baeza, Eduardo 
650 |a Zúñiga, José 
910 |a Fondo Julio de la Peña Lomelín 
920 |a Impresos - Libros 
930 |a Arquitectos Jaliscienses 
905 |a 115 
901 |a 0500130281  |b IT1  |c JAL  |u 20250521 
901 |a 0500156238  |b IT1  |c JAL  |u 20250521 
902 |a https://opac.biblio.iteso.mx/vufind/Record/000187655